| 000 | 00598nam a2200169Ia 4500 | ||
|---|---|---|---|
| 005 | 20250508152342.0 | ||
| 008 | 008 250505s9999 xx 000 0 eng d | ||
| 037 | _aTextual | ||
| 040 |
_aFEDL _beng _cFEDL |
||
| 041 |
_aeng _2eng |
||
| 084 |
_a745.5, KIN _qFEDL |
||
| 100 |
_aKing Alan John _9761264 |
||
| 245 | 0 | _aThings for boys and girls to make and grow: Suggestions of things for boys and girls to make indoors during wet days or long, dark evenings; and plants to grow without an outdoor garden | |
| 300 | _a123p. | ||
| 942 |
_cTEXL _h745.5, KIN |
||
| 999 |
_c1335855 _d1335855 |
||